| Tag |
First Indicator |
Second Indicator |
Subfields |
| LEADER |
00000cam a2200000 a 4500 |
| 001 |
in00001127821 |
| 005 |
20150930071158.0 |
| 008 |
811212s1980 caua b 000 0 eng d |
| 035 |
|
|
|a (OCoLC)07991580
|
| 035 |
|
|
|9 AFW0386AM
|
| 040 |
|
|
|a TXH
|c TXH
|d NLM
|d TXA
|d UtOrBLW
|
| 043 |
|
|
|a n-us---
|
| 049 |
|
|
|a TXAM
|
| 060 |
0 |
0 |
|a JJ8832
|a [W 19]
|
| 069 |
0 |
|
|a 9300594
|
| 090 |
|
|
|a AS36
|b .R28 P-6555
|
| 100 |
1 |
|
|a Williams, Albert P.
|
| 245 |
1 |
0 |
|a Predicting performance in medical education continuum :
|b toward better use of conventional measures /
|c Albert P. Williams.
|
| 264 |
|
1 |
|a Santa Monica, Calif. :
|b Rand Corp.,
|c [1980.]
|
| 300 |
|
|
|a 34 pages :
|b illustrations ;
|c 28 cm.
|
| 336 |
|
|
|a text
|b txt
|2 rdacontent
|
| 337 |
|
|
|a unmediated
|b n
|2 rdamedia
|
| 338 |
|
|
|a volume
|b nc
|2 rdacarrier
|
| 500 |
|
|
|a Cover title.
|
| 504 |
|
|
|a Includes bibliographical references.
|
| 500 |
|
|
|a "P-6555."
|
| 500 |
|
|
|a "April 1980."
|
| 650 |
|
0 |
|a Medical colleges
|z United States
|x Admission.
|
| 650 |
|
0 |
|a Medical colleges
|z United States
|x Entrance examinations.
|
| 650 |
|
2 |
|a Achievement.
|
| 650 |
|
2 |
|a School Admission Criteria.
|
| 650 |
|
2 |
|a Schools, Medical
|x organization & administration
|z United States.
|
| 710 |
2 |
|
|a Rand Corporation.
|
| 999 |
|
|
|a MARS
|
| 999 |
f |
f |
|s 41ecc42c-14b7-3856-86a3-a7ef495e88fe
|i 1ee17ae4-01f7-362d-b84d-9fa9cb4acfe6
|t 0
|
| 952 |
f |
f |
|p ric
|a Texas A&M University
|b Rellis Campus
|c Joint Library Facility
|d Remote Storage
|t 0
|e AS36 .R28 P-6555
|h Library of Congress classification
|i unmediated -- volume
|m A14817072057
|
| 998 |
f |
f |
|a AS36 .R28 P-6555
|t 0
|l Remote Storage
|